Beliebtesten Anime Charaktere - Statistiken

Allgemein
  • Dieses Quiz wurde 428 mal gespielt
  • Das Durchschnittsergebnis liegt bei 25 aus 50
Antwortstatistiken
Hint Antwort % Korrekt
One Piece Monkey D. Luffy
94%
Jujutsu Kaisen Gojo Satoru
91%
Naruto Naruto Uzumaki
88%
Attack on Titan Eren Jaeger
82%
One Piece Zoro Roronoa
78%
Attack on Titan Levi Ackerman
76%
One Piece Nami
75%
Hunter x Hunter Killua Zoldyck
70%
Oshi no Ko Ai Hoshino
69%
Attack on Titan Mikasa Ackerman
69%
Demon Slayer Nezuko Kamado
65%
One Piece Sanji
65%
Jujutsu Kaisen Yuji Itadori
64%
Jujutsu Kaisen Sukuna
63%
Tokyo Ghoul Ken Kaneki
62%
Naruto Itachi Uchiha
61%
Spy x Family Anya Forger
58%
Dragon Ball Goku
57%
Solo Leveling Sung Jin-Woo
57%
Jujutsu Kaisen Megumi Fushiguro
56%
One Piece Nico Robin
56%
Frieren: Beyond Journey's End Frieren
55%
Spy x Family Yor Forger
55%
Demon Slayer Zenitsu Agatsuma
54%
Demon Slayer Kyoujurou Rengoku
53%
Bleach Ichigo Kurosaki
52%
Chainsaw Man Denji
51%
Chainsaw Man Makima
48%
Sword Art Online Asuna
43%
DARLING in the FRANXX Zero Two
41%
Chainsaw Man Power
40%
Demon Slayer Giyuu Tomioka
39%
My Dress-Up Darling Marin Kitagawa
38%
High School DxD Rias Gremory
38%
Jujutsu Kaisen Kento Nanami
35%
Rascal Does Not Dream of Bunny Girl Senpai Mai Sakurajima
35%
Jujutsu Kaisen Toji Fushiguro
35%
That Time I Got Reincarnated as a Slime Rimuru Tempest
33%
Demon Slayer Shinobu Kochou
33%
Demon Slayer Mitsuri Kanroji
32%
Re:ZERO -Starting Life in Another World Rem
31%
Frieren: Beyond Journey's End Fern
27%
Jujutsu Kaisen Yuta Okkotsu
27%
Demon Slayer Tanjirou Kamado
26%
Violet Evergarden Violet Evergarden
25%
The Apothecary Diaries Maomao
24%
High School DxD Akeno Himejima
23%
Cyberpunk: Edgerunners Lucy
23%
The Quintessential Quintuplets Miku Nakano
18%
Tokyo Revengers Manjiro Sano
13%
Keine übereinstimmenden Quizze gefunden
Verteilung der Resultate
Anzahl Personen mit jedem Resultat
Perzentil nach korrekt beantworteten Fragen
Ihre Resultats-Entwicklung
Sie haben dieses Quiz noch nicht gespielt